000 01121nac a22002891u 4500
010 _a013552701
020 _a9780745326047
022 _a0745326048 (hbk.)
082 _a320.955
_bMAL
090 _c8804
_d8804
100 _aMalm, Andreas,
245 _aIran on the brink : rising workers and threats of war /
_cAndreas Malm and Shora Esmailian.
260 _aLondon :
_bPluto, C.2007.
_cC.2007.
300 _axix, 262 p. :
_b ill., maps ;
_c23 cm.
500 _aFormerly CIP. Uk
500 _aDistributer: Baccah.
504 _aIncludes bibliographical references (p. 249-253) and index.
511 _aCatalogued By: Mahitab.
650 _aWorking class -- Iran -- History.
650 _aLabor unions -- Iran -- Political activity.
650 _aLabor movement -- Iran -- Political activity.
650 _aIran -- Politics and government -- 1997-
650 _aIran -- Foreign relations -- 1997-
700 _aEsmailian, Shora.
942 _cBB
_k320.955 MAL
999 _c8804
_d8804